[Event "Ulm/Neu Ulm-ch"]
[Site "Ulm/Neu Ulm"]
[Date "2017.11.03"]
[Round "4"]
[White "Hoffart, Alexander"]
[Black "Mayer, Arnd"]
[Result "0-1"]
[WhiteElo "1728"]
[BlackElo "2036"]
[PlyCount "66"]
[EventDate "2017.09.22"]
[EventType "swiss"]
[EventRounds "7"]
[EventCountry "GER"]
[SourceTitle "EXT 2019"]
[Source "ChessBase"]
[SourceDate "2018.10.10"]
[SourceVersion "1"]
[SourceVersionDate "2018.10.10"]
[SourceQuality "1"]

1. e4 g6 2. d4 d6 3. Nf3 Bg7 4. c4 c5 5. dxc5 Qa5+ 6. Bd2 Qxc5 7. Bc3 Nf6 8. Nbd2 Ng4 9. Qe2 Bxc3 10. bxc3 Nc6 11. Nb3 Qb6 12. h3 Nge5 13. Nfd4 Na5 14. c5 dxc5 15. Qb5+ Nec6 16. Nxc6 Nxc6 17. Nxc5 Qc7 18. Be2 0-0 19. 0-0 b6 20. Na6 Bxa6 21. Qxa6 Rfc8 22. Rfd1 Qe5 23. Rd7 Qxc3 24. Rad1 Kg7 25. Bb5 Nb8 26. Qb7 Nxd7 27. Qxd7 a6 28. Ba4 Qe5 29. Bb3 Rc7 30. Qd3 b5 31. f4 Qxf4 32. Rf1 Rc1 33. Qd4+ e5 0-1

[Event "Oberliga Wuerttemberg 1516"]
[Site "Wuerttemberg"]
[Date "2015.10.11"]
[Round "2.8"]
[White "Mayer, Arnd"]
[Black "Mueller, Daniel1"]
[Result "1-0"]
[WhiteElo "1997"]
[BlackElo "1984"]
[PlyCount "147"]
[EventDate "2015.09.20"]
[EventType "team-tourn"]
[EventRounds "9"]
[EventCountry "GER"]
[SourceTitle "EXT 2019"]
[Source "ChessBase"]
[SourceDate "2018.10.10"]
[SourceVersion "1"]
[SourceVersionDate "2018.10.10"]
[SourceQuality "1"]
[WhiteTeam "Jedesheim"]
[BlackTeam "Biberach"]
[WhiteTeamCountry "GER"]
[BlackTeamCountry "GER"]

1. d4 Nf6 2. Nf3 g6 3. c4 Bg7 4. Nc3 d5 5. Qb3 dxc4 6. Qxc4 0-0 7. Bf4 c6 8. e4 Bg4 9. Be2 Nbd7 10. Rd1 Qa5 11. b4 Qd8 12. 0-0 Nh5 13. Be3 Nb6 14. Qb3 Qc7 15. Ng5 Bxe2 16. Nxe2 h6 17. Nf3 Nf6 18. Nc3 Rad8 19. Ne5 e6 20. f4 Nbd7 21. Nf3 Nb6 22. a4 Nc8 23. Rfe1 Rfe8 24. Ne5 Nd7 25. Nd3 Nf6 26. Nf2 Nh5 27. e5 Bf8 28. Nce4 Kh8 29. g4 Ng7 30. Nf6 Re7 31. N2e4 Ne8 32. h4 Nb6 33. h5 Nd5 34. hxg6 fxg6 35. Nxd5 cxd5 36. Ng3 Rf7 37. Rc1 Qe7 38. Kg2 Qxb4 39. Qd3 Rg7 40. Rh1 Rg8 41. g5 Qxa4 42. Ra1 Qc4 43. Qb1 Rb8 44. Rxa7 b5 45. Kf3 b4 46. Rf7 b3 47. Rxf8 Qc2 48. Rxh6+ Kg7 49. Rxg8+ Kxg8 50. Rxg6+ Kf7 51. Qxc2 bxc2 52. Rh6 Rc8 53. Rh1 Nc7 54. Rc1 Na6 55. Bd2 Rc4 56. Ke3 Nc7 57. Kd3 Nb5 58. Ne2 Na3 59. Bc3 Kg6 60. Bb2 Nb5 61. Rxc2 Rb4 62. Bc3 Nxc3 63. Rxc3 Rb6 64. Ng3 Ra6 65. Ke3 Rb6 66. Kf3 Rb4 67. Rc6 Kf7 68. Ne2 Rb3+ 69. Kg4 Rb2 70. Ng3 Rd2 71. Rc7+ Kf8 72. g6 Rxd4 73. g7+ Kg8 74. Nh5 1-0

[Event "Staufer op-A 27th"]
[Site "Schwaebisch Gmuend"]
[Date "2015.01.03"]
[Round "4"]
[White "Mayer, Arnd"]
[Black "Noe, Christopher"]
[Result "0-1"]
[WhiteElo "2060"]
[BlackElo "2374"]
[PlyCount "64"]
[EventDate "2015.01.02"]
[EventType "swiss"]
[EventRounds "9"]
[EventCountry "GER"]
[SourceTitle "CBM 164 Extra"]
[Source "ChessBase"]
[SourceDate "2015.03.02"]
[SourceVersion "1"]
[SourceVersionDate "2015.03.02"]
[SourceQuality "1"]

1. d4 Nf6 2. Nf3 g6 3. Bf4 Bg7 4. Nbd2 0-0 5. e4 d6 6. Bd3 Nbd7 7. c3 e5 8. Be3 b6 9. 0-0 Bb7 10. Ne1 d5 11. f3 Re8 12. Bg5 h6 13. dxe5 Nxe5 14. Bxf6 Qxf6 15. Bc2 Rad8 16. Qc1 Qf4 17. exd5 Bxd5 18. Bb3 Qe3+ 19. Rf2 Bc6 20. Nf1 Qc5 21. Qc2 Rd6 22. Rd1 Red8 23. Rxd6 Rxd6 24. Ng3 h5 25. Ne2 Bh6 26. Nd4 Be3 27. Nd3 Nxd3 28. Qxd3 Qe5 29. Nxc6 Rxc6 30. Qd8+ Kg7 31. Bxf7 Bxf2+ 32. Kxf2 Qc5+ 0-1

[Event "Wuerttemberg-ch KT"]
[Site "Illertissen"]
[Date "2012.09.02"]
[Round "9"]
[White "Mayer, Arnd"]
[Black "Keller, Joachim"]
[Result "1-0"]
[WhiteElo "2059"]
[BlackElo "1868"]
[PlyCount "65"]
[EventDate "2012.08.25"]
[EventType "swiss"]
[EventRounds "9"]
[EventCountry "GER"]
[SourceTitle "EXT 2017"]
[Source "ChessBase"]
[SourceDate "2016.10.25"]
[SourceVersion "1"]
[SourceVersionDate "2016.10.25"]
[SourceQuality "1"]

1. Nf3 d6 2. g3 Nf6 3. Bg2 c6 4. 0-0 e5 5. d3 Be7 6. c4 Nbd7 7. Nc3 0-0 8. Rb1 Qc7 9. e4 Re8 10. Nh4 Nf8 11. Nf5 Bxf5 12. exf5 Rad8 13. g4 h6 14. f4 N6h7 15. Kh1 Nd7 16. Qf3 exf4 17. Bxf4 Ne5 18. Qg3 Bg5 19. h4 Bxf4 20. Rxf4 f6 21. b3 Nf7 22. Re4 Rxe4 23. Bxe4 Qa5 24. d4 d5 25. cxd5 cxd5 26. Bg2 h5 27. gxh5 Nh6 28. b4 Qa3 29. Qc7 Nf7 30. Nxd5 Qxa2 31. Ne7+ Kf8 32. Re1 Rxd4 33. Ng6+ 1-0

[Event "Wuerttemberg-ch KT"]
[Site "Illertissen"]
[Date "2012.09.01"]
[Round "8"]
[White "Fischer, Alexander"]
[Black "Mayer, Arnd"]
[Result "1/2-1/2"]
[WhiteElo "1981"]
[BlackElo "2059"]
[PlyCount "56"]
[EventDate "2012.08.25"]
[EventType "swiss"]
[EventRounds "9"]
[EventCountry "GER"]
[SourceTitle "EXT 2017"]
[Source "ChessBase"]
[SourceDate "2016.10.25"]
[SourceVersion "1"]
[SourceVersionDate "2016.10.25"]
[SourceQuality "1"]

1. d4 f5 2. Nf3 Nf6 3. c4 g6 4. g3 Bg7 5. Bg2 0-0 6. 0-0 d6 7. Nc3 e6 8. Qc2 Nc6 9. d5 Nb4 10. Qa4 Na6 11. Nd2 Nc5 12. Qc2 e5 13. b4 Ncd7 14. e4 f4 15. f3 fxg3 16. hxg3 Nh5 17. Ne2 c6 18. dxc6 bxc6 19. Kh2 Qe7 20. Rb1 Rf7 21. Bh3 Nf8 22. Qd3 Bxh3 23. Kxh3 Ne6 24. Kg2 Nxg3 25. Kxg3 Qg5+ 26. Kf2 Qh4+ 27. Kg2 Qg5+ 28. Kf2 Qh4+ 1/2-1/2

[Event "Wuerttemberg-ch KT"]
[Site "Illertissen"]
[Date "2012.08.26"]
[Round "2"]
[White "Mayer, Arnd"]
[Black "Foerderreuther, Jonas"]
[Result "1-0"]
[WhiteElo "2059"]
[BlackElo "1925"]
[PlyCount "113"]
[EventDate "2012.08.25"]
[EventType "swiss"]
[EventRounds "9"]
[EventCountry "GER"]
[SourceTitle "EXT 2017"]
[Source "ChessBase"]
[SourceDate "2016.10.25"]
[SourceVersion "1"]
[SourceVersionDate "2016.10.25"]
[SourceQuality "1"]

1. Nf3 Nf6 2. g3 g6 3. Bg2 Bg7 4. 0-0 0-0 5. d3 d5 6. Nbd2 c5 7. e4 Nc6 8. Re1 e5 9. exd5 Nxd5 10. Nc4 Re8 11. Ng5 Nb6 12. Qf3 Qe7 13. c3 Nxc4 14. dxc4 h6 15. Ne4 f5 16. Nd2 e4 17. Qe2 Ne5 18. Nf1 Be6 19. Ne3 Qf7 20. Nd5 Bxd5 21. cxd5 Qxd5 22. Rd1 Qc6 23. Bf4 Nd3 24. Qxd3 exd3 25. Bxc6 bxc6 26. Rxd3 Re2 27. Rb1 g5 28. Kf1 Rc2 29. Rd2 Rxd2 30. Bxd2 c4 31. Re1 Rb8 32. Bc1 Kf7 33. h3 Bf6 34. g4 f4 35. Re4 Rd8 36. Ke2 Re8 37. Rxe8 Kxe8 38. Kf3 Kf7 39. Ke4 Ke6 40. Bd2 Bg7 41. f3 c5 42. Be1 Bf8 43. b4 cxb3 44. axb3 c4 45. b4 Bg7 46. b5 Be5 47. Bf2 Bxc3 48. Bxa7 Bb4 49. Bd4 c3 50. Kd3 Kd5 51. Bg7 Ba5 52. Bxh6 Bd8 53. Bf8 Bf6 54. Ba3 c2 55. Kxc2 Kc4 56. b6 Bd8 57. b7 1-0

[Event "Reutlingen op 15th"]
[Site "Reutlingen"]
[Date "2010.05.23"]
[Round "5"]
[White "Bauer, Andreas"]
[Black "Mayer, Arnd"]
[Result "1-0"]
[WhiteElo "2101"]
[BlackElo "2100"]
[PlyCount "57"]
[EventDate "2010.05.21"]
[EventType "swiss"]
[EventRounds "7"]
[EventCountry "GER"]
[SourceTitle "CBM 136 Extra"]
[Source "ChessBase"]
[SourceDate "2010.07.02"]
[SourceVersion "2"]
[SourceVersionDate "2010.07.15"]
[SourceQuality "1"]

1. e4 c6 2. d4 d5 3. e5 Bf5 4. Nc3 Qb6 5. Nf3 h6 6. Bd3 Bxd3 7. Qxd3 e6 8. 0-0 Qa6 9. Qd1 c5 10. Be3 Nd7 11. dxc5 Nxc5 12. Nd4 Rc8 13. f4 g6 14. g4 Ne7 15. f5 gxf5 16. gxf5 exf5 17. Qf3 Ne4 18. e6 Nxc3 19. exf7+ Kd7 20. bxc3 Qg6+ 21. Kh1 Qxf7 22. Rab1 b6 23. Qe2 Rc4 24. Qd3 f4 25. Bxf4 Qg6 26. Qh3+ Ke8 27. Rbe1 Bg7 28. Rg1 Qf7 29. Nf5 1-0

[Event "Ulm/Neu Ulm-ch"]
[Site "Ulm/Neu Ulm"]
[Date "2009.10.02"]
[Round "2"]
[White "Lepschi, Albert"]
[Black "Mayer, Arnd"]
[Result "0-1"]
[WhiteElo "1716"]
[BlackElo "1948"]
[PlyCount "82"]
[EventDate "2009.09.18"]
[EventType "swiss"]
[EventRounds "5"]
[EventCountry "GER"]
[SourceTitle "EXT 2011"]
[Source "ChessBase"]
[SourceDate "2010.11.26"]
[SourceVersion "1"]
[SourceVersionDate "2010.11.26"]
[SourceQuality "1"]

1. d4 f5 2. Nf3 Nf6 3. g3 g6 4. Bg2 Bg7 5. 0-0 0-0 6. c4 d6 7. Nc3 c6 8. Qc2 Nbd7 9. b3 Re8 10. Bb2 e5 11. dxe5 dxe5 12. Rad1 Qa5 13. a3 Qc7 14. Na4 e4 15. Ng5 h6 16. Nh3 Ne5 17. Bd4 b6 18. f3 c5 19. Be3 Bb7 20. Bc1 Rad8 21. Nc3 Rxd1 22. Nxd1 Nc6 23. e3 exf3 24. Bxf3 Ne4 25. Nf4 Ne5 26. Bg2 Qf7 27. Nf2 Nxf2 28. Rxf2 Ng4 29. Re2 Bxg2 30. Kxg2 Nf6 31. Qd3 Re7 32. Bb2 Rd7 33. Qc2 Ne4 34. Nd5 Bxb2 35. Qxb2 Qg7 36. b4 b5 37. Nf4 Qxb2 38. Rxb2 bxc4 39. Ne2 c3 40. Nxc3 Nxc3 41. bxc5 Rc7 0-1

[Event "Staufer op 21st"]
[Site "Schwaebisch Gmuend"]
[Date "2009.01.04"]
[Round "5"]
[White "Mayer, Arnd"]
[Black "Gheng, Josef"]
[Result "0-1"]
[WhiteElo "2149"]
[BlackElo "2315"]
[PlyCount "66"]
[EventDate "2009.01.02"]
[EventType "swiss"]
[EventRounds "9"]
[EventCountry "GER"]
[SourceTitle "CBM 128 Extra"]
[Source "ChessBase"]
[SourceDate "2009.03.05"]
[SourceVersion "2"]
[SourceVersionDate "2009.03.25"]
[SourceQuality "1"]

1. d4 Nf6 2. Nf3 g6 3. c4 Bg7 4. Nc3 d5 5. Qb3 dxc4 6. Qxc4 0-0 7. e4 Na6 8. Be2 c5 9. dxc5 Qa5 10. 0-0 Be6 11. Qb5 Qxb5 12. Bxb5 Nxc5 13. Re1 a6 14. Bf1 b5 15. e5 Nd5 16. Nxd5 Bxd5 17. Bg5 Rfe8 18. b3 Ne6 19. Be3 Bxf3 20. gxf3 Bxe5 21. Rac1 Bd6 22. Bh3 f5 23. Bb6 Kf7 24. Rc6 Rec8 25. Rec1 Rxc6 26. Rxc6 Ke8 27. Bg2 Kd7 28. f4 Rc8 29. Rxc8 Kxc8 30. Bd5 Nxf4 31. Bg8 Kd7 32. Bxh7 Ke8 33. Bg8 Kf8 0-1

[Event "Ulm/Neu Ulm-ch"]
[Site "Ulm/Neu Ulm"]
[Date "2006.09.22"]
[Round "1"]
[White "Mayer, Arnd"]
[Black "Zahn, Achim"]
[Result "1-0"]
[WhiteElo "1986"]
[BlackElo "1538"]
[PlyCount "91"]
[EventDate "2006.09.22"]
[EventType "swiss"]
[EventRounds "7"]
[EventCountry "GER"]
[SourceTitle "EXT 2011"]
[Source "ChessBase"]
[SourceDate "2010.11.26"]
[SourceVersion "1"]
[SourceVersionDate "2010.11.26"]
[SourceQuality "1"]

1. d4 d5 2. Nf3 e6 3. Bf4 Nf6 4. e3 Bd6 5. Ne5 Bxe5 6. Bxe5 Nbd7 7. Bg3 c5 8. Nc3 cxd4 9. exd4 a6 10. Be2 0-0 11. 0-0 b5 12. Bd6 Re8 13. a4 Nb6 14. Bc5 Nxa4 15. Nxa4 bxa4 16. Rxa4 Ne4 17. Qa1 Qc7 18. b4 Qc6 19. b5 Qc7 20. Qa3 Rb8 21. b6 Rxb6 22. Bxb6 Qxb6 23. c3 Qc6 24. Rc1 Bb7 25. Bxa6 Rc8 26. c4 Bxa6 27. Rxa6 Qb7 28. c5 g6 29. f3 Nf6 30. c6 Qc7 31. g3 Ne8 32. Rb1 Qd8 33. Rb7 Qf6 34. Qe3 Nd6 35. Rba7 Qd8 36. Qf4 Nf5 37. c7 Qd7 38. Ra8 Kg7 39. Rxc8 Qxc8 40. Rb6 Ne7 41. Qd6 Qa8 42. Qxe7 Qa1+ 43. Kg2 Qe1 44. Rxe6 Qd2+ 45. Re2 Qxd4 46. Qe5+ 1-0